000
00247nam a2200097Ia 4500
001
672743
005
20250826160850.0
008
250824s9999 xx 000 0 und d
245
0
_a
Mucitler
_c
Struan Reid, Patricia Fara
260
_b
TÜBİTAK YAYINLARI
999
_c
672743
_d
672743